Online katalóg knižníc regiónu Turca

Milenec na úver (Record no. 21037)

MARC details
000 -LEADER
fixed length control field 01298cam a2200385 a 4500
001 - CONTROL NUMBER
control field 21037
003 - CONTROL NUMBER IDENTIFIER
control field VRT
005 - DATE AND TIME OF LATEST TRANSACTION
control field 20260210162404.0
008 - FIXED-LENGTH DATA ELEMENTS--GENERAL INFORMATION
fixed length control field 240318s2012 xo g 000 f slo
015 ## - NATIONAL BIBLIOGRAPHY NUMBER
National bibliography number SNBA2014/04
020 ## - INTERNATIONAL STANDARD BOOK NUMBER
International Standard Book Number 9788081141690
Qualifying information (brož.)
039 #9 - LEVEL OF BIBLIOGRAPHIC CONTROL AND CODING DETAIL [OBSOLETE]
Level of rules in bibliographic description 202511041720
Level of effort used to assign nonsubject heading access points csnk01
Level of effort used to assign subject headings 202403181535
Level of effort used to assign classification VLOAD
Level of effort used to assign subject headings 201404281408
Level of effort used to assign classification msnk24
Level of effort used to assign subject headings 201404281140
Level of effort used to assign classification msnk24
040 ## - CATALOGING SOURCE
Original cataloging agency SNK
Language of cataloging slo
Transcribing agency SNK
Description conventions AACR2
041 0# - LANGUAGE CODE
Language code of text/sound track or separate title slo
044 ## - COUNTRY OF PUBLISHING/PRODUCING ENTITY CODE
MARC country code xo
ISO country code SK
072 #7 - SUBJECT CATEGORY CODE
Subject category code 821.162.4-3
Subject category code subdivision Slovenská próza
Source konspekt
080 ## - UNIVERSAL DECIMAL CLASSIFICATION NUMBER
Universal Decimal Classification number 821.162.4-31
Edition identifier 2001
080 ## - UNIVERSAL DECIMAL CLASSIFICATION NUMBER
Universal Decimal Classification number (0:82-312.4)
Edition identifier 2001
100 1# - MAIN ENTRY--PERSONAL NAME
Personal name Hlavatá, Dana
Relationship aut
245 10 - TITLE STATEMENT
Title Milenec na úver
Statement of responsibility, etc. Dana Hlavatá
250 ## - EDITION STATEMENT
Edition statement 1. vyd.
260 ## - PUBLICATION, DISTRIBUTION, ETC.
Place of publication, distribution, etc. Bratislava
Name of publisher, distributor, etc. Marenčin PT
Date of publication, distribution, etc. 2012
300 ## - PHYSICAL DESCRIPTION
Extent 286 s.
Dimensions 17 cm
655 #7 - INDEX TERM--GENRE/FORM
Genre/form data or focus term slovenské romány
Source of term SNKPH
655 #7 - INDEX TERM--GENRE/FORM
Genre/form data or focus term detektívne romány
Source of term SNKPH
655 #7 - INDEX TERM--GENRE/FORM
Genre/form data or focus term Slovak fiction
Source of term SNKPHeng
655 #7 - INDEX TERM--GENRE/FORM
Genre/form data or focus term Detective novels
Source of term SNKPHeng
942 ## - ADDED ENTRY ELEMENTS (KOHA)
Source of classification or shelving scheme Dewey Decimal Classification
Koha item type Krásna literatúra pre dospelých
Suppress in OPAC No
949 ## - LOCAL PROCESSING INFORMATION (OCLC)
6 270001000443115
a svkbbA 137662-a
b svkbbm 743925
949 ## - LOCAL PROCESSING INFORMATION (OCLC)
6 273K0570557
a svkpoA 220893
b svkpo571575
949 ## - LOCAL PROCESSING INFORMATION (OCLC)
6 17A1108415
a snkSD 83103
b snk2014/9403
o 873/14
949 ## - LOCAL PROCESSING INFORMATION (OCLC)
6 17A1107416
a snkSD 83103 D1
b snk2014/9405
o 873/14
949 ## - LOCAL PROCESSING INFORMATION (OCLC)
6 270001000409489
a svkbbA 137662
b svkbbm 734621
949 ## - LOCAL PROCESSING INFORMATION (OCLC)
6 2889210143
a savukPV 18910
b savuk2014/1628
Holdings
Stav vyradenia Strata Poškodenie Spôsob nadobudnutia Domovská knižnica Aktuálna knižnica Dátum nadobudnutia Total checkouts Čiarový kód exemplára Date last seen Typ exemplára
      Dar Obecná knižnica Horná Štubňa Obecná knižnica Horná Štubňa 10.02.2026   9788081141690 10.02.2026 Krásna literatúra pre dospelých
Projekt je podporený Slovenskou asociáciou knižníc
Prevádzkuje Turčianska knižnica Martin 2026